000 01164njm a2200289Ia 4500
001 24097
003 IT-RoPAU
005 20220918181126.0
008 131025s9999 xx 000 0 und d
040 _aIT-RoPAU
040 _cIT-RoPAU
041 _aITALIANO
999 _c100194
_d100194
999 _bn.d.
100 _aAnonimo
_9883
100 _eAutore musica
_98750
100 _gCodice autore musica SPICS: 2620
_9885
245 _aSu e giù per le montagne
250 _a1a ed.
260 _aMILANO
260 _bCBS - SUGAR
_c1972 [1a Ed.:1972]
300 _aDISCO
500 _aArrangiamento di Renato Angiolino. Musica leggera. Musica italiana popolare folk
505 _aIl povero soldato - Quel mazzolin di fiori - La mula de Parenzo - Bombardano Cortina - C'erano tre sorelle - Vinassa vinassa - Ninna nanna - La blonde - Alla moda dei montagnon - Addio mia bella, addio - Bevè, bevè compare - Gran Dio del cielo - Se ben che son dai monti - L'allegrie - Il testamento del capitano
650 _aCANZONE ITALIAN [DISCHI]
_eCodice MATERIA SPICS: 9950
_98751
700 _aCinquetti Gigliola
_gCodice interprete SPICS: 10827
_eInterprete
_98752
942 _cMD
_2ddc